000 00620nam a2200241Ia 4500
003 OSt
005 20220916110950.0
006 a|||||r|||| 00| 0
007 ta
008 220915b |||||||| |||| 00| 0 eng d
024 _a39788
037 _cTextbook
040 _beng
_aARTS
_cARTS
041 _aeng
082 _aO115,2M28:g, 111K2
100 _aLucas F L
245 0 _aDrama of Ibsen and Strindberg
260 _aLondon
_bCassell UK
300 _a484p.
_ccm.
650 _aENGLISH LITERATURE
942 _hO115,2M28:g, 111K2
_cTB
_2CC
999 _c102415
_d102415